000 nam a22 7a 4500
999 _c7170
_d7170
008 170725b xxu||||| |||| 00| 0 eng d
100 _93746
_aBrainwave
245 _aVisual Basic
260 _aNew Delhi
_bBrainwave Publication
_c2008